Países que más Visitan los Estados Unidos - Estadísticas

Estadísticas generales
  • Esta prueba ha sido intentada 2.892 veces
  • La puntuación promedio es 16 de 18
Estadísticas de respuestas
# de visitantes País % Correcto
19.2 M México
99%
0.954 M España
98%
2.31 M China
97%
1.92 M Francia
97%
11.7 M Canadá
96%
2.21 M Alemania
94%
4.69 M Reino Unido
94%
2.38 M Brasil
93%
1.23 M Italia
93%
3.75 M Japón
93%
0.766 M Argentina
92%
1.40 M Australia
86%
0.928 M Colombia
86%
1.18 M India
80%
1.74 M Corea del Sur
74%
0.745 M Venezuela
65%
0.749 M Países Bajos
58%
0.682 M Suecia
57%
No se encontraron pruebas coincidentes
Distribución de puntuación
Porcentaje de gente con cada puntuación
Porcentaje por número respondido
Historial de tus puntuaciones
No has intentado esta prueba.